Установка ионной имплантации на 50 кэВ для упрочнения металлоизделий; Известия вузов. Физика; Т. 30, № 8

Bibliographic Details
Parent link:Известия вузов. Физика/ Министерство общего и профессионального образования Российской Федерации ; Томский Госуниверситет.— , 1958-
Т. 30, № 8.— 1987.— C. 94-96
Other Authors: Кузьмин О. С. Олег Станиславович, Лигачев А. Е., Пирогов Н. В., Потемкин Г. В. Гелий Валерьянович, Рябчиков А. И. Александр Ильич
Language:Russian
Published: 1987
Subjects:
Format: Book Chapter
KOHA link:https://koha.lib.tpu.ru/cgi-bin/koha/opac-detail.pl?biblionumber=506115

MARC

LEADER 00000naa2a2200000 4500
001 506115
005 20231101103143.0
035 |a (RuTPU)RU\TPU\prd\176981 
090 |a 506115 
100 |a 20130430a1987 k y0rusy50 ca 
101 0 |a rus 
102 |a RU 
200 1 |a Установка ионной имплантации на 50 кэВ для упрочнения металлоизделий  |f О. С. Кузьмин [и др.] 
461 1 |0 (RuTPU)RU\TPU\prd\191  |t Известия вузов. Физика  |f Министерство общего и профессионального образования Российской Федерации ; Томский Госуниверситет  |d 1958- 
463 1 |0 (RuTPU)RU\TPU\prd\77015  |t Т. 30, № 8  |v C. 94-96  |d 1987 
610 1 |a труды учёных ТПУ 
701 1 |a Кузьмин  |b О. С.  |c физик  |c инженер Томского политехнического университета  |f 1961-  |g Олег Станиславович  |2 stltpush  |3 (RuTPU)RU\TPU\pers\33925 
701 1 |a Лигачев  |b А. Е. 
701 1 |a Пирогов  |b Н. В. 
701 1 |a Потемкин  |b Г. В.  |c физик  |c старший научный сотрудник Томского политехнического университета, кандидат физико-математических наук  |f 1942-  |g Гелий Валерьянович  |2 stltpush  |3 (RuTPU)RU\TPU\pers\35370 
701 1 |a Рябчиков  |b А. И.  |c физик  |c профессор Томского политехнического университета, доктор физико-математических наук  |f 1950-  |g Александр Ильич  |2 stltpush  |3 (RuTPU)RU\TPU\pers\22006 
801 1 |a RU  |b 63413507  |c 20130430 
801 2 |a RU  |b 63413507  |c 20160324  |g RCR 
942 |c BK